000 00843nam a2200217Ia 4500
003 GCL
008 140319s9999 xx 000 0 ara d
040 _aGCL /
_cGCL
082 0 4 _a260
_bم م
100 1 _aعبدالله احمد ابوزينة
245 1 0 _aمكاشفة القلوب :
_bالمقربة من علام الغيوب /
_cعبدالله احمد ابوزينة
700 1 _aالغزالى : حجة الاسلام ابو حامد محمد بن محمد بن محمد بن احمد الطوسى
260 _aالقاهرة :
_bدار الشعب للطباعة والنشر ،
_c1972
300 _a263 ص ؛
_c27 سم
490 _a
650 0 4 _aالفلسفة الاسلامية
650 0 4 _aالتصوف الاسلامى
650 0 4 _aالتصوف
650 0 4 _aالشريعة الاسلامية
942 _2ddc
_cBK
999 _c52838
_d52838